Coal science: aspects of coal constitution
Guardat en:
| Autor principal: | |
|---|---|
| Format: | Llibre |
| Idioma: | anglès |
| Publicat: |
Amsterdam
Elsevier
1957
|
| Matèries: | |
| Etiquetes: |
Afegir etiqueta
Sense etiquetes, Sigues el primer a etiquetar aquest registre!
|
MARC
| LEADER | 00000nam a2200000 a 4500 | ||
|---|---|---|---|
| 001 | UCU7196 | ||
| 003 | CL-VaPUC | ||
| 008 | 960628e19570000NE |||||||||||||||||eng|d | ||
| 082 | 0 | 4 | |a 662.62 |b KRE |2 21 |
| 100 | 0 | |a Krevelen, D. W van |e author |9 365813 | |
| 245 | 1 | 0 | |a Coal science: aspects of coal constitution |
| 300 | |a 352 p | ||
| 942 | |c BK | ||
| 945 | |d 19960628 00:00:00 |a paguirre | ||
| 260 | |a Amsterdam |b Elsevier |c 1957 | ||
| 650 | 0 | |a Tecnología química |9 263002 | |
| 650 | 0 | |a Combustibles |9 271720 | |
| 650 | 7 | |a CARBON |2 CL-VaPUC |9 268755 | |
| 650 | 7 | |a COMBUSTIBLES SOLIDOS |2 CL-VaPUC |9 365765 | |
| 650 | 0 | |a Fuentes de energía |9 263042 | |
| 583 | |a last modification |c 19960628 00:00:00 |k Rodrigo Vera | ||
| 999 | |c 249880 |d 249878 | ||
| 952 | |0 0 |1 0 |4 0 |6 662_620000000000000_KRE_1957 |7 0 |8 A |9 267434 |a BIBING |b BIBING |d 2019-11-19 |i 1695096 |o 662.62 KRE 1957 |p 1695096 |r 2025-01-20 |w 2019-11-19 |y BK |k EIQ | ||